Politico-strategic dimensions of US-Bangladesh relations (Record no. 18184)
[ view plain ]
| 000 -LEADER | |
|---|---|
| fixed length control field | 00691nam a2200205Ia 4500 |
| 082 ## - DEWEY DECIMAL CLASSIFICATION NUMBER | |
| Classification number | TB.0393 |
| 100 ## - MAIN ENTRY--AUTHOR NAME | |
| Personal name | Biswas, Bibhuti Bhusan |
| 245 #0 - TITLE STATEMENT | |
| Title | Politico-strategic dimensions of US-Bangladesh relations |
| 260 ## - PUBLICATION, DISTRIBUTION, ETC. (IMPRINT) | |
| Year of publication | 2008 |
| Name of publisher | Pondicherry University, Puducherry |
| 300 ## - PHYSICAL DESCRIPTION | |
| Number of Pages | 260 |
| 504 ## - BIBLIOGRAPHY, ETC. NOTE | |
| Bibliography, etc | includes bibliography |
| 650 ## - SUBJECT ADDED ENTRY--TOPICAL TERM | |
| Topical Term | United States |
| Form subdivision | Foreign relations |
| -- | Bangladesh |
| 650 ## - SUBJECT ADDED ENTRY--TOPICAL TERM | |
| Topical Term | Bangladesh |
| Form subdivision | Foreign relations |
| -- | United States |
| 650 ## - SUBJECT ADDED ENTRY--TOPICAL TERM | |
| Topical Term | Bangladesh |
| Form subdivision | Politics and Government |
| 650 ## - SUBJECT ADDED ENTRY--TOPICAL TERM | |
| Topical Term | United States |
| Form subdivision | Military relations |
| -- | Bangladesh |
| 650 ## - SUBJECT ADDED ENTRY--TOPICAL TERM | |
| Topical Term | Bangladesh |
| Form subdivision | Military relations |
| -- | United States |
| 650 ## - SUBJECT ADDED ENTRY--TOPICAL TERM | |
| Topical Term | Bangladesh |
| Form subdivision | History |
| 710 ## - ADDED ENTRY--CORPORATE NAME | |
| Corporate name or jurisdiction name as entry element | Jha, N. K. |
| 942 ## - ADDED ENTRY ELEMENTS (KOHA) | |
| Koha item type | Thesis |
| Source of classification or shelving scheme | Dewey Decimal Classification |
| Withdrawn status | Lost status | Damaged status | Not for loan | Home library | Current library | Date acquired | Source of acquisition | Bill Date | Full call number | Accession Number | Price effective from | Koha item type |
|---|---|---|---|---|---|---|---|---|---|---|---|---|
| NASSDOC Library | NASSDOC Library | 24/09/2010 | AUTH | 2010-08-31 | TB.0393 | 46572 | 18/04/2019 | Thesis |
